000 00889nam a2200241 i 4500
001 18383
003 DO-SdUEMH
005 20260210161212.0
007 ta
008 260210s1995 dr a|||gr|||| 00| 0dspa d
040 _aDO-SdUEMH
_bspa
_erda
041 _aspa
082 1 4 _mRD
_bR666
100 _eaut
245 _aManual de Prevención Atención y Administración Local de los Desastres /
_cDiómedes Robles Cid
264 1 _aSanto Domingo, República Dominicana :
_c1995
300 _a61 páginas :
_bilustraciones ;
_c20 cm.
336 _2rdacontent
_atexto
_btxt
337 _2rdamedia
_asin mediación
_bn
338 _2rdacarrier
_avolumen
_bnc
505 2 _a¿Qué son los desastres? -- Los huracanes -- Las inundaciones -- Deslizamientos o derrumbes -- Incendios -- Terremotos -- Contaminación química -- El desastre de la guerra -- Administración local.
942 _2ddc
_cBK
_n0
999 _c18383
_d18383